[Event "AUS-ch U10"]
[Site "Wahroonga"]
[Date "2014.01.11"]
[Round "3"]
[White "Roseby, Andrew"]
[Black "Allinson, Jack"]
[Result "1-0"]
[WhiteElo "506"]
[BlackElo "366"]
[PlyCount "29"]
[EventDate "2014.01.11"]
[EventType "swiss"]
[EventRounds "9"]
[EventCountry "AUS"]
[SourceTitle "EXT 2020"]
[Source "ChessBase"]
[SourceDate "2019.10.17"]
[SourceVersion "1"]
[SourceVersionDate "2019.10.17"]
[SourceQuality "1"]

1. e4 e5 2. d4 d5 3. dxe5 dxe4 4. Qxd8+ Kxd8 5. Nc3 Nf6 6. exf6 gxf6 7. Nxe4 f5 8. Ng5 Ke7 9. Bc4 f6 10. N1f3 Rg8 11. Bxg8 fxg5 12. Bxg5+ Ke8 13. 0-0-0 Nc6 14. Ne5 Nxe5 15. Rd8# 1-0